000 01256nam a2200229Ia 4500
003 Ost
005 20260507075006.0
008 260507s9999||||xx |||||||||||||| ||und||
020 _ax051422977
040 _cfsecg
041 _aara
082 _a658.403
100 _aماهر، أحمد
_eمؤلف
245 0 _aاتخاذ القرار بين العلم والابتكار /
_c أحمد ماهر
260 _aالاسكندرية:
_bالدار الجامعية,
_c2007
300 _a513 صفحة؛
_c24 سم
504 _aبيبليوغرافيا: ص. 513
520 _aالباب الاول مقدمة في اتخاذ القرار المشاكل والقرارات ، هل نحن مثاليون في اتخاذ القرار ، ماهو نمطك في اتخاذ القرار الباب الثاني تحديد المشكلة الوعي بوجود مشكلة ، تشخيص المشكلة الباب الثالث : بدائل الحل المدخل العلمي في لبحث عن بدائل ، الطرق الابتكارية الباب الرابع تقييم البدائل الباب الخامس تنفيذ القرار ومتابعته
653 _aاتخاذ القرار
653 _aالابتكار
942 _cكتاب
999 _c42115
_d42115